00686cam a2200217u 450000100060000000300080000600500170001400800390003103500190007004000330008904100080012208200240013010000470015424501110020125000120031226000300032430000310035450400200038565000370040565000260044217396BD-RjUL20211209000131.0140217s1963 nyu 001 0 eng a(BD-RjUL)17454 aDLCcCarPdDLCdBD-RjULbeng aeng00219a810.9bMEA 19631 aMencken, H. L.q(Henry Louis),d1880-1956.14aThe American language :bAn inquiry into the development of English in the United States /cH. L. Mencken. a4th ed. aNew York :bKnopf,c1963. axxv, 777 p. cxxiv :c25cm. aIncludes index. 0aEnglish languagezUnited States. 0aNameszUnited States.